Municipios andaluces de la A a la Z - Estadísticas

Estadísticas generales
  • Esta prueba ha sido intentada 861 veces
  • La puntuación promedio es 17 de 23
Estadísticas de respuestas
Letra Municipio % Correcto
A Alcalá de Guadaíra | Algeciras | Almería | Adra | Aguilar de la Frontera | Alameda | Albolote | Albox | Albuñol | Alcalá de los Gazules | Alcalá del Río | Alcalá de la Real | Alcaudete | Alfacar | Algarrobo | Algodonales | Alhama de Granada | Alhaurín de la Torre | Alhaurín el Grande | Alhendín | Aljaraque | Almensilla | Almodóvar del Río | Almonte | Almuñécar | Álora | Andújar | Antequera | Aracena | Arahal | Archidona | Arcos de la Frontera | Arjona | Armilla | Atarfe | Ayamonte | Aznalcóllar | La Algaba | Abla | Abrucena | Adamuz | Aguadulce | Alanís | Albaida del Aljarafe | Alcalá del Valle | Alcaracejos | Alcaucín | Alcolea del Río | Alfarnate | Algámitas | Algar | Algarinejo | Alhama de Almería | Almáchar | Almadén de la Plata | Almargen | Almedinilla | Almogía | Almonaster la Real | Alosno | Alozaina | Añora | Antas | Arboleas | Ardales | Arenas | Arjonilla | Aroche | Arquillos | Arriate | Arroyo del Ojanco | Aznalcázar | Agrón | Alájar | Alamedilla | Albanchez | Albanchez de Mágina | Alboloduy | Albondón | Albuñán | Albuñuelas | Alcolea | Alcóntar | Alcudia de Monteagud | Aldeaquemada | Aldeire | Alfarnatejo | Algatocín | Alhabia | Alicún | Alicún de Ortega | Almegíjar | Almócita | Alpandeire | Alpujarra de la Sierra | Alquife | Alsodux | Árchez | Arenas del Rey | Armuña de Almanzora | Arroyomolinos de León | Atajate | El Almendro
98%
C Cádiz | Chiclana de la Frontera | Córdoba | Cabra | Cájar | Camas | Campillos | Cantillana | Carboneras | Carmona | Cártama | Cartaya | Casares | Casariche | Castilblanco de los Arroyos | Castilleja de la Cuesta | Castro del Río | Cazorla | Cenes de la Vega | Chauchina | Churriana de la Vega | Coín | Conil de la Frontera | Constantina | Coria del Río | Cuevas del Almanzora | Cúllar Vega | El Cuervo de Sevilla | La Campana | La Carlota | La Carolina | Las Cabezas de San Juan | Cabra del Santo Cristo | Cádiar | Cala | Calañas | Cambil | Campillo de Arenas | Campotéjar | Cañada Rosal | Cañete de las Torres | Cañete la Real | Canena | Canillas de Aceituno | Canjáyar | Cantoria | Carcabuey | Cárcheles | Cardeña | Carrión de los Céspedes | Casabermeja | Casarabonela | Castellar | Castellar de la Frontera | Castilleja de Guzmán | Castilléjar | Castillo de Locubín | Castril | Cazalla de la Sierra | Chilluévar | Chimeneas | Chirivel | Chucena | Cijuela | Cogollos Vega | Colmenar | Comares | Cómpeta | Coripe | Cortegana | Cortes de Baza | Cortes de la Frontera | Cuevas Bajas | Cuevas de San Marcos | Cuevas del Becerro | Cuevas del Campo | Cúllar | Cumbres Mayores | El Campillo | El Carpio | El Castillo de las Guardas | El Cerro de Andévalo | El Coronil | Los Corrales | Cabezas Rubias | Cacín | Calicasas | Campofrío | Cáñar | Cañaveral de León | Canillas de Albaida | Capileira | Carataunas | Carboneros | Carratraca | Cartajima | Castañao del Robledo | Cástaras | Castilleja del Campo | Castro de Filabres | Cazalilla | Chercos | Chiclana de Segura | Cóbdar | Cogollos de Guadix | Conquista | Corteconcepción | Cortelazor | Cortes y Graena | Cumbres de Enmedio | Cumbres de San Bartolomé | Cútar | La Calahorra
98%
J Jaén | Jerez de la Frontera | Jimena de la Frontera | Jódar | Jabalquinto | Jabugo | Jamilena | Jimena | Jun | Játar | Jayena | Jérez del Marquesado | Jete | Jimera de Líbar | Jubrique | Juviles | Júzcar
93%
M Málaga | Marbella | Mijas | Motril | La Mojonera | Macael | Mairena del Alcor | Mairena del Aljarafe | Mancha Real | Manilva | Maracena | Marchena | Marmolejo | Martos | Medina Sidonia | Mengíbar | Moguer | Mojácar | Mollina | Monachil | Montefrío | Montellano | Montilla | Montoro | Morón de la Frontera | La Malahá | Los Molares | Manzanilla | María | Marinaleda | Martín de la Jara | Minas de Riotinto | Moclín | Moclinejo | Molvízar | Monda | Montalbán de Córdoba | Montejícar | Montemayor | Montillana | Montizón | Monturque | Moraleda de Zafayona | Moriles | El Madroño | Los Marines | Macharaviaya | Marchal | Montecorto | Montejaque | Morelábor | Murtas
93%
S San Fernando | Sanlúcar de Barrameda | Sevilla | Salobreña | Salteras | San Juan de Aznalfarache | San Juan del Puerto | San Roque | Sanlúcar la Mayor | Santa Fe | Santiponce | El Saucejo | Sabiote | Salar | San Bartolomé de la Torre | San José del Valle | San Martín del Tesorillo | Santa Bárbara de Casa | Santa Olalla del Cala | Santaella | Santiago-Pontones | Santisteban del Puerto | Santo Tomé | Sayalonga | Segura de la Sierra | Serón | Setenil de las Bodegas | Sierra de Yeguas | Siles | Sorbas | Sorihuela del Guadalimar | Salares | San Nicolás del Puerto | San Sebastián de los Ballesteros | San Silvestre de Guzmán | Sanlúcar de Guadiana | Santa Ana la Real | Santa Cruz de Marchena | Santa Cruz del Comercio | Santa Elena | Santa Eufemia | Santa Fe de Mondújar | Santiago de Calatrava | Sedella | Senés | Serrato | Sierro | Somontín | Soportújar | Sorvilán | Suflí
91%
G Granada | Garrucha | Gelves | Gerena | Gibraleón | Gines | Gójar | Guadix | Gualchos | Guillena | La Guardia de Jaén | Las Gabias | El Gastor | Gádor | Galaroza | Galera | Gaucín | Gérgal | Gilena | Grazalema | Guadalcanal | Guadalcázar | Guadahortuna | Guaro | Guarromán | Güéjar Sierra | Güevéjar | La Guijarrosa | Los Gallardos | Los Guájares | El Garrobo | El Granado | El Guijo | Genalguacil | Génave | Gobernador | Gor | Gorafe | La Granada de Río-Tinto | La Granjuela
90%
H Huelva | Herrera | Hinojosa del Duque | Huelma | Huércal de Almería | Huércal-Overa | Huéscar | Huétor Tájar | Huétor Vega | Higuera de la Sierra | Hinojos | Hornachuelos | Huéneja | Huesa | Huétor Santillán | Huévar del Aljarafe | Humilladero | Higuera de Calatrava | Hinojales | Hinojares | Hornos | Huécija | Huélago
89%
B Benalmádena | Baena | Baeza | Bailén | Barbate | Baza | Benacazón | Benahavís | Benalup-Casas Viejas | Berja | Bollullos de la Mitación | Bollullos Par del Condado | Bonares | Bormujos | Bornos | Brenes | Bujalance | Burguillos | Los Barrios | Badolatosa | Balanegra | Baños de la Encina | Beas | Beas de Segura | Bédar | Bedmar y Garcíez | Begíjar | Belalcázar | Belmez | Bélmez de la Moraleda | Benahadux | Benalúa | Benalúa de las Villas | Benamargosa | Benamocarra | Benaoján | El Bosque | El Burgo | Bacares | Bayárcal | Bayarque | Beas de Granada | Beires | Benadalid | Benalauría | Benaocaz | Benarrabá | Benatae | Benitagla | Benizalón | Bentarique | Bérchules | Berrocal | Bubión | Busquístar | El Borge | Los Blázquez
88%
E El Ejido | Estepona | Écija | Espartinas | Estepa | Encinas Reales | Encinasola | Escacena del Campo | Espejo | Espera | Espiel | Enix | Escañuela | Escúzar | Espeluy
83%
L La Línea de la Concepción | Linares | Lebrija | Lepe | Loja | Lora del Río | Lucena | La Luisiana | Láchar | Lahiguera | Lanjarón | Lantejuela | Laujar de Andara | Lecrín | Lopera | Lubrín | Lucena del Puerto | Luque | Lanteira | Laroya | Larva | Lentegí | Líjar | Linares de la Sierra | Lobras | Lora de Estepa | Lucainena de las Torres | Lúcar | Lugros | Lújar | Lupión
77%
R Rincón de la Victoria | Roquetas de Mar | La Rambla | La Rinconada | Rociana del Condado | Ronda | Rota | Rute | El Real de la Jarra | El Ronquillo | El Rubio | Riogordo | Rioja | Rosal de la Frontera | Rus | Rágol | Rubite | La Roda de Andalucía
77%
U Utrera | Úbeda | Ubrique | Umbrete | Ugíjar | Uleila del Campo | Urrácal
77%
T Torremolinos | Tarifa | Tocina | Tomares | Torredelcampo | Torredonjimeno | Torreperogil | Torrox | Trebujena | Trigueros | Tabernas | Teba | Tíjola | Tolox | Torreblascopedro | Torrecampo | Torrenueva Costa | Torres | Turre | La Taja | Las Tres Villas | Taberno | Tahal | Terque | Torre Almáquime | Torre-Cardela | Torres del Albanechez | Torvizcón | Totalán | Trevélez | Turón | Turrillas
73%
V Vélez-Málaga | el Viso del Alcor | Los Villares | Valencina de la Concepción | Valverde del Camino | Vegas del Genil | Vejer de la Frontera | Vélez-Rubio | Vera | Viator | Vícar | Villa de Otura | Villa del Río | Villacarrillo | Villamartín | Villanueva de Córdoba | Villanueva del Ariscal | Villanueva del Arzobispo | Villanueva del Trabuco | Villaverde del Río | El Viso | La Victoria | La Viñuela | Valdepeñas de Jaén | Valderrubio | Valenzuela | Valle de Abdalajís | Valle del Zalabí | Vélez de Benaudalla | Vélez-Blanco | Vilches | Villablanca | Villalba del Alcor | Villamanrique de la Condesa | Villanueva de Algaidas | Villanueva de la Concepción | Villanueva de la Reina | Villanueva de los Castillejos | Villanueva de Tapia | Villanueva del Duque | Villanueva del Rey | Villanueva del Río y Minas | Villanueva del Rosario | Villanueva Mesía | Villaralto | Villarrasa | Villatorres | Villaviciosa de Córdoba | Víznar | El Valle | Valdelarco | Válor | Valseqiullo | Velefique | Ventas de Huelma | Villaharta | Villaluenga del Rosario | Villamena | Villanueva de las Cruces | Villanueva de las Torres | Villanueva de San Juan | Villardombardo | Villardompardo | Villarrodrigo
72%
P El Puerto de la Santa María | La Palma del Condado | La Puebla de Cazalla | La Puebla del Río | Los Palacios y Villafranca | Padul | Palma del Río | Palomares del Río | Palos de la Frontera | Paradas | Paterna de Rivera | Peal de Becerro | Pedrera | Peligros | Peñarroya-Pueblonuevo | Pilas | Pinos Puente | Pizarra | Porcuna | Posadas | Pozoblanco | Prado del Rey | Priego de Córdoba | Puente Genil | Puerto Real | Puerto Serrano | Pulianas | Pulpí | Punta Umbría | El Palmar de Troya | El Pedroso | La Peza | La Puebla de los Infantes | La Puerta de Segura | Palenciana | Paterna del Campo | Paymogo | Pechina | Pedro Abad | Pedro Martínez | Pedroche | Pegalajar | Peñaflor | Píñar | Pinos Genil | Polopos | Pozo Alcón | Pruna | Puebla de Don Fadrique | Puebla de Guzmán | Puente de Génave | Purchena | Purullena | El Pinar | Padules | Pampaneira | Parauta | Partaloa | Paterna del Río | Polícar | Pórtugos | Puerto Moral | Pujerra
71%
F Fuengirola | Fernán-Núñez | Fuente Palmera | Fuentes de Andalucía | Fiñana | Fines | Findón | Frailes | Frigiliana | Fuensanta de Martos | Fuente Carreteros | Fuente de Piedra | Fuente Obejuna | Fuente Vaqueros | Fuerte del Rey | Faraján | Felix | Ferreira | Fonelas | Fornes | Freila | Fuente la Lancha | Fuente-Tójar | Fuenteheridos
71%
N Nerja | Nerva | Níjar | Nueva Carteya | Las Navas de la Concepción | Navas de San Juan | Nevada | Niebla | Nigüelas | Nívar | Noalejo | La Nava | Nacimiento
68%
D Dos Hermanas | Dúrcal | Dalías | Darro | Deifontes | Dílar | Doña Mencía | Dos Torres | Dehesas de Guadix | Dehesas Viejas | Diezma | Dólar | Domingo Pérez de Granada | Dúdar
67%
O Ogíjares | Olivares | Olula del Río | Olvera | Órgiva | Osuna | Obejo | Ojén | Orce | Oria | Otívar | Ohanes | Olula de Castro
56%
I Íllora | Isla Cristina | Isla Mayor | Iznalloz | Ibros | Istán | Iznájar | La Iruela | Igualeja | íllar | Instinción | Ítrabo | Iznate | Iznatoraf
47%
Z La Zubia | La Zarza-Perrunal | Zafarraya | Zalamea la Real | Zahara de la Sierra | Zújar | Zurgena | Zuheros | Zufre | Zagra
37%
Q Quesada | Quéntar
31%
Y Yunquera
15%
No se encontraron pruebas coincidentes
Distribución de puntuación
Porcentaje de gente con cada puntuación
Porcentaje por número respondido
Historial de tus puntuaciones
No has intentado esta prueba.